|
|
|
|
| LEADER |
00000naa0a2200000 4500 |
| 001 |
638571 |
| 005 |
20250205160714.0 |
| 035 |
|
|
|a (RuTPU)RU\TPU\network\2952
|
| 035 |
|
|
|a RU\TPU\network\1876
|
| 090 |
|
|
|a 638571
|
| 100 |
|
|
|a 20150203d2001 k||y0rusy50 ca
|
| 101 |
0 |
|
|a rus
|
| 102 |
|
|
|a RU
|
| 135 |
|
|
|a drcn ---uucaa
|
| 181 |
|
0 |
|a i
|
| 182 |
|
0 |
|a b
|
| 200 |
1 |
|
|a Нахождение справедливой цены производных ценных бумаг при модели изменения цены в виде процесса, возвращающегося к среднему
|f Т. В. Калашникова, А. Ф. Терпугов
|
| 203 |
|
|
|a Текст
|c электронный
|
| 300 |
|
|
|a Заглавие с экрана
|
| 320 |
|
|
|a [Библиогр.: с. 93 (2 назв.)]
|
| 461 |
|
|
|t Статистическая обработка данных и управление в сложных системах
|o [сборник]
|f Филиал Кемеровского государственного университетта в г. Анжеро-Судженске ; под ред. А. Ф. Терпугова
|d 1999-
|
| 463 |
|
|
|t Вып. 3
|v [С. 79-93]
|d 2001
|
| 610 |
1 |
|
|a электронный ресурс
|
| 610 |
1 |
|
|a труды учёных ТПУ
|
| 700 |
|
1 |
|a Калашникова
|b Т. В.
|c специалист в области менеджмента
|c доцент Томского политехнического университета, кандидат технических наук
|f 1970-
|g Татьяна Владимировна
|3 (RuTPU)RU\TPU\pers\27132
|9 12672
|
| 701 |
|
1 |
|a Терпугов
|b А. Ф.
|
| 801 |
|
1 |
|a RU
|b 63413507
|c 20141010
|
| 801 |
|
2 |
|a RU
|b 63413507
|c 20150203
|g RCR
|
| 856 |
4 |
|
|u http://vital.lib.tsu.ru/vital/access/manager/Repository/vtls:000394447
|
| 942 |
|
|
|c CF
|